|
|
|
|
| LEADER |
02738nam a22005655i 4500 |
| 001 |
978-3-319-15774-0 |
| 003 |
DE-He213 |
| 005 |
20151029221103.0 |
| 007 |
cr nn 008mamaa |
| 008 |
150831s2015 gw | s |||| 0|eng d |
| 020 |
|
|
|a 9783319157740
|9 978-3-319-15774-0
|
| 024 |
7 |
|
|a 10.1007/978-3-319-15774-0
|2 doi
|
| 040 |
|
|
|d GrThAP
|
| 050 |
|
4 |
|a QR180-189.5
|
| 072 |
|
7 |
|a MJCM
|2 bicssc
|
| 072 |
|
7 |
|a MED044000
|2 bisacsh
|
| 082 |
0 |
4 |
|a 616.079
|2 23
|
| 245 |
1 |
0 |
|a Crossroads Between Innate and Adaptive Immunity V
|h [electronic resource] /
|c edited by Stephen P. Schoenberger, Peter D. Katsikis, Bali Pulendran.
|
| 250 |
|
|
|a 1st ed. 2015.
|
| 264 |
|
1 |
|a Cham :
|b Springer International Publishing :
|b Imprint: Springer,
|c 2015.
|
| 300 |
|
|
|a VIII, 154 p. 16 illus., 15 illus. in color.
|b online resource.
|
| 336 |
|
|
|a text
|b txt
|2 rdacontent
|
| 337 |
|
|
|a computer
|b c
|2 rdamedia
|
| 338 |
|
|
|a online resource
|b cr
|2 rdacarrier
|
| 347 |
|
|
|a text file
|b PDF
|2 rda
|
| 490 |
1 |
|
|a Advances in Experimental Medicine and Biology,
|x 0065-2598 ;
|v 850
|
| 505 |
0 |
|
|a Type III IFNs: Emerging Master Regulators of Immunity -- Stability of Regulatory T Cells Undermined or Endorsed by Different Type-1 Cytokines -- The Role of Il-12 and Type I Interferon in Governing the Magnitude of CD8 T Cell Responses -- Functional Diversity of Human Dendritic Cells -- Selective Dependence of Kidney Dendritic Cells on CX3CR1: Implications for Glomerulonephritis Therapy -- Mechanisms of Memory T Cell Activation and Effective Immunity -- Molecular Programming of Immunological Memory in Natural Killer Cells -- Induction of Immune Tolerance to Dietary Antigens -- The Role of p110 in the Development and Activation of B Lymphocytes -- Immune Memory and Exhaustion: Clinically Relevant Lessons from the LCMV Model.
|
| 520 |
|
|
|a (none -- this book should follow the AEMB cover style template).
|
| 650 |
|
0 |
|a Medicine.
|
| 650 |
|
0 |
|a Immunology.
|
| 650 |
|
0 |
|a Pharmacology.
|
| 650 |
|
0 |
|a Virology.
|
| 650 |
|
0 |
|a Infectious diseases.
|
| 650 |
|
0 |
|a Microbiology.
|
| 650 |
1 |
4 |
|a Biomedicine.
|
| 650 |
2 |
4 |
|a Immunology.
|
| 650 |
2 |
4 |
|a Microbiology.
|
| 650 |
2 |
4 |
|a Virology.
|
| 650 |
2 |
4 |
|a Infectious Diseases.
|
| 650 |
2 |
4 |
|a Pharmacology/Toxicology.
|
| 700 |
1 |
|
|a Schoenberger, Stephen P.
|e editor.
|
| 700 |
1 |
|
|a Katsikis, Peter D.
|e editor.
|
| 700 |
1 |
|
|a Pulendran, Bali.
|e editor.
|
| 710 |
2 |
|
|a SpringerLink (Online service)
|
| 773 |
0 |
|
|t Springer eBooks
|
| 776 |
0 |
8 |
|i Printed edition:
|z 9783319157733
|
| 830 |
|
0 |
|a Advances in Experimental Medicine and Biology,
|x 0065-2598 ;
|v 850
|
| 856 |
4 |
0 |
|u http://dx.doi.org/10.1007/978-3-319-15774-0
|z Full Text via HEAL-Link
|
| 912 |
|
|
|a ZDB-2-SBL
|
| 950 |
|
|
|a Biomedical and Life Sciences (Springer-11642)
|